Textbook Of Engineering Economics: The Principles And Applications (Record no. 368913)

MARC details
000 -LEADER
fixed length control field 00292 a2200109 4500
005 - DATE AND TIME OF LATEST TRANSACTION
control field 20251015145203.0
020 ## - INTERNATIONAL STANDARD BOOK NUMBER
International Standard Book Number 9789389354768
100 ## - MAIN ENTRY--PERSONAL NAME
Personal name Kiran D.R.
9 (RLIN) 214619
245 ## - TITLE STATEMENT
Title Textbook Of Engineering Economics: The Principles And Applications
260 ## - PUBLICATION, DISTRIBUTION, ETC. (IMPRINT)
Name of publisher, distributor, etc. BS Publications
Date of publication, distribution, etc. 2021
942 ## - ADDED ENTRY ELEMENTS (KOHA)
Koha item type Article
Holdings
Withdrawn status Lost status Source of classification or shelving scheme Damaged status Not for loan Home library Current library Date acquired Vendor Cost, normal purchase price Total Checkouts Full call number Barcode Date last seen Cost, replacement price Bill Date Koha item type
    Dewey Decimal Classification     Cummins College of Engineering for Women Pune Cummins College of Engineering for Women Pune 17/10/2025 115 288.35   300 KIR CCEP-BK-69700 17/10/2025 395.00 17/10/2025 Books